Herby Miast Województwa Mazowieckiego - Statystyki

Ogólne statystyki
  • Ten quiz został rozwiązany 12 razy
  • Średni wynik to 9 z 16
Statystyki odpowiedzi
Obrazkowy Odpowiedź % Poprawnych
Radom
100%
Warszawa
100%
Żyrardów
86%
Siedlce
71%
Ciechanów
57%
Mińsk Mazowiecki
57%
Płock
57%
Pruszków
57%
Legionowo
43%
Marki
43%
Mława
43%
Ostrołęka
43%
Otwock
43%
Wołomin
43%
Grodzisk Mazowiecki
29%
Piaseczno
29%
Nie znaleziono quizów pasujących do podanych kryteriów
Rozkład punktacji
Procent ludzi z każdym wynikiem
Percentyl według liczby udzielonych odpowiedzi
Twoja historia wyników
Nie rozwiązałeś tego quizu